Mujeres que transitan en los mr̀genes de un mundo global

Bibliographic Details
Main Author: Laguna Morales, Marcela
Format: eBook
Language:Spanish
Published: Ciudad de Mx̌ico: Cm̀ara de Diputados, 2014
Subjects:
Online Access:Acceso restringido

MARC

LEADER 00000nam a22000007a 4500
005 20170829234312.0
007 cr|||| ||||
008 170829s2014 mx |||||s||||f00||0 spa d
020 |a 978-607-9423-27-8 
035 |a 20477 
040 |a vLex 
090 |c 6876  |d 6876 
100 1 |a Laguna Morales, Marcela 
245 1 0 |a Mujeres que transitan en los mr̀genes de un mundo global  |h [Recurso electrn̤ico] /  |c Marcela Laguna Morales 
256 |a Servicio en ln̕ea 
260 |a Ciudad de Mx̌ico:  |b Cm̀ara de Diputados,  |c 2014 
300 |a 1 recurso electrn̤ico 
506 1 |a Disponible solo en los productos indicados  |d vLex Global  |d vLex Global (Academic Edition, excluding Law Schools)  |d vLex Global (U.S. Academic Edition, Law Schools)  |d vLex Global (U.S. Academic Edition, excluding Law Schools)  |d vLex Global (Academic Edition, Law Schools) 
650 0 4 |a Derecho Civil  |z Mx̌ico 
650 0 4 |a Derecho Penal  |z Mx̌ico 
650 0 4 |a Derecho Constitucional  |z Mx̌ico 
740 0 |a vLex Libros (Servicio en ln̕ea) 
856 4 0 |u http://vlex.com/source/mujeres-que-transitan-en-los-margenes-de-un-mundo-global-20477  |z Acceso restringido 
942 |c BOOK 
999 0 |a Civil Law 
999 0 |a Criminal Law 
999 0 |a Constitutional Law